El Salvador: ¿fue honesta la política exterior de derechos humanos de Jimmy Carter?/
En este artículo se busca demostrar que el supuesto énfasis en el respeto a los derechos humanos de la política exterior del expresidente estadounidense Jimmy Carter fue de naturaleza demagógica. En sus relaciones internacionales, su retórica fue de carácter liberal, pero su accionar fue determinado...
Uloženo v:
| Hlavní autor: | |
|---|---|
| Médium: | Kniha |
| Jazyk: | Spanish |
| Témata: | |
| Tagy: |
Přidat tag
Žádné tagy, Buďte první, kdo vytvoří štítek k tomuto záznamu!
|
MARC
| LEADER | 00000nam a22000007a 4500 | ||
|---|---|---|---|
| 003 | cru CIDCACS/IIS | ||
| 005 | 20231010112650.0 | ||
| 008 | 171123s2016 es |||p|r||||||0| ||spa d | ||
| 040 | |c cru CIDCACS/IIS | ||
| 100 | 1 | |9 5311 |a Romero, Rafael | |
| 245 | 1 | 3 | |a El Salvador: |b ¿fue honesta la política exterior de derechos humanos de Jimmy Carter?/ |c Rafael Romero |
| 300 | |a páginas 205-225 | ||
| 520 | |a En este artículo se busca demostrar que el supuesto énfasis en el respeto a los derechos humanos de la política exterior del expresidente estadounidense Jimmy Carter fue de naturaleza demagógica. En sus relaciones internacionales, su retórica fue de carácter liberal, pero su accionar fue determinado por el realismo. Su política exterior de derechos humanos fue una media cosmética que persiguió el mantenimiento de la hegemonía estadounidense sobre los países bajo su dominio, al tiempo que la presentaba como respetuosa de la soberanía de los sometidos. Se da particular atención al caso de El Salvador. En este sentido, se concluye que, en el caso salvadoreño, Jimmy Carter demostró que su énfasis en estos derechos no paso de ser una herramienta publicitaria más de su política exterior; Carter no solo fue hipócrita con el pueblo salvadoreño, sino también con Monseñor Romero. KDV/120118 | ||
| 650 | 1 | 0 | |9 38 |a DERECHOS HUMANOS |
| 650 | 1 | 0 | |a POLITICA EXTERIOR |9 370 |
| 650 | 1 | 0 | |9 3067 |a PUBLICIDAD |
| 650 | 1 | 0 | |9 82 |a LIBERALISMO |
| 650 | 4 | |9 2646 |a RELACIONES INTERNACIONALES | |
| 650 | 0 | |9 6351 |a REALISMO | |
| 650 | 0 | |9 6352 |a DOCTRINA MONROE | |
| 650 | 1 | 0 | |9 966 |a HEGEMONIA |
| 651 | 4 | |9 1928 |a EL SALVADOR | |
| 773 | 0 | |0 18723 |9 1639 |a Universidad Centroamericana José Simeón Cañas. |d San Salvador, El Salvador Universidad Centroamericana José Simeón |o 18341 |t ECA: | |
| 942 | |2 ddc |c PP | ||
| 999 | |c 40654 |d 40654 | ||
